000 01489nam a2200349 i 4500
001 192989
003 SpMaBN
005 20231028195530.0
008 230714s2012 sp | ||||o001 0 spa
017 _aM 458-2012
_bOficina Depósito Legal Madrid
020 _a9788499402789
035 _a(OCoLC)795922599
035 _aa5205962
040 _aSpMaBN
_bspa
_cSpMaBN
_erdc
080 _a801.73:81 Coseriu, Eugenio
100 0 _aPolo, José
_0XX1017133
_992861
245 1 0 _aEntorno del universo normativo de Eugenio Coseriu :
_bcuaderno de bitácora /
_cJosé Polo
260 _aMadrid :
_bBiblioteca Nueva :
_bEdiciones de la Universidad Autónoma de Madrid,
_cD.L. 2012
300 _a151 p. ;
_c21 cm
336 _aTexto (visual)
_2isbdcontent
337 _asin mediación
_2isbdmedia
490 1 _aEstudios críticos de literatura y lingüística
_v53.
_aBiblioteca "José Polo" de lingüística y filología
500 _aÍndices
600 0 _aCoseriu, Eugenio,
_d1921-2002.
_tEl problema de la corrección idiomática-
_xCrítica textual
_9233735
830 _9224917
_aEstudios críticos de literatura y lingüística ;
_aBiblioteca "José Polo" de lingüística y filología
_v53
852 _aES-MaACL
_jA-12957
_bR.149793
_cDEPO1
_dOlim: N-5957
_xDonación: Real Academia Española
914 _96336
_aReal Academia Española
_ednr
942 _2udc
_cMONOGRAFIA
_n0
956 _a2
999 _c192989
_d192989